Countries Beginning in the Letter A - Statistics

General Stats
  • This quiz has been taken 21 times
  • The average score is 9 of 11
Answer Stats
Hint Answer % Correct
A Andorra
95%
A Albania
90%
A Angola
81%
A Azerbaijan
81%
A Afghanistan
76%
A Antigua
76%
A Australia
76%
A Algeria
71%
A Armenia
71%
A Austria
71%
A Argentina
62%
No matching quizzes found
Score Distribution
Percent of People with Each Score
Percentile by Number Answered
Your Score History
You have not taken this quiz